Biggest cities of the U.S.A - sudden death - Statistics

General Stats
  • This quiz has been taken 452 times
  • The average score is 4 of 10
Answers on the Grid
Answers color-coded by a green-red scale on the quiz's grid according to % correct below.
New York City
Los Angeles
Dallas
Chicago
San José
San Diego
San Antonio
Phoenix
Philadelphia
Houston
Washington D.C.
Fort Worth
Columbus
Charlotte
Boston
Miami
Las Vegas
Indianapolis
San Francisco
Seattle
Denver
Nashville
Detroit
Memphis
Albuquerque
Milwaukee
El Paso
Oklahoma City
Louisville
Portland
 
Answer Stats
Answer % Correct
Los Angeles
72%
New York City
69%
Chicago
46%
Houston
35%
Philadelphia
32%
Dallas
29%
Phoenix
27%
San Diego
20%
San Antonio
18%
San José
14%
No matching quizzes found
Score Distribution
Percent of People with Each Score
Percentile by Number Answered
Your Score History
You have not taken this quiz